000 00489nam a2200169Ia 4500
008 131103s9999 xx 000 0 und d
040 _aLoreto College
041 _aEnglish
082 _aMIS/MAC
_bLCBED/1303
100 _aMcGrath, E.H.
245 _aBasic leadership skills for supervisors teachers and trainers
_cE.H.McGrath
260 _aJamshedpur
_bXavier Labour Relations Institute
_c[19?]
300 _a173p.
_c 23cm.
650 _aMIS
850 _aLCBED/MIS/MAC
942 _cBK
999 _c34231
_d84710